<?xml version="1.0" encoding="UTF-8"?>
<record
    xmlns:xsi="http://www.w3.org/2001/XMLSchema-instance"
    xsi:schemaLocation="http://www.loc.gov/MARC21/slim http://www.loc.gov/standards/marcxml/schema/MARC21slim.xsd"
    xmlns="http://www.loc.gov/MARC21/slim">

  <leader>00990nam a2200253Ia 4500</leader>
  <controlfield tag="003">IN-BaIIA</controlfield>
  <controlfield tag="008">211028s9999    xx            000 0 eng d</controlfield>
  <datafield tag="040" ind1=" " ind2=" ">
    <subfield code="c">IIA Library</subfield>
  </datafield>
  <datafield tag="080" ind1=" " ind2=" ">
    <subfield code="a">538.12(082.1)</subfield>
    <subfield code="b">HIG</subfield>
  </datafield>
  <datafield tag="111" ind1=" " ind2=" ">
    <subfield code="a">International conference on high magnetic fields</subfield>
    <subfield code="c">Cambridge, Massachusetts</subfield>
    <subfield code="d">1961 Nov. 1-4</subfield>
    <subfield code="9">4400</subfield>
  </datafield>
  <datafield tag="245" ind1=" " ind2="0">
    <subfield code="a">High magnetic fields</subfield>
    <subfield code="b">proceedings of the international conference on high magnetic fields, held in Cambridge, Massachusetts, November 1-4, 1961</subfield>
    <subfield code="c">edited by Henry Kolm&#x2026;[et al.]                                            </subfield>
  </datafield>
  <datafield tag="260" ind1=" " ind2=" ">
    <subfield code="a">New York</subfield>
    <subfield code="b">MIT Press</subfield>
    <subfield code="c">1962</subfield>
  </datafield>
  <datafield tag="300" ind1=" " ind2=" ">
    <subfield code="a">xv, 751p.</subfield>
  </datafield>
  <datafield tag="650" ind1=" " ind2=" ">
    <subfield code="a">Electromagnetic fields</subfield>
    <subfield code="9">2908</subfield>
  </datafield>
  <datafield tag="650" ind1=" " ind2=" ">
    <subfield code="a">Electromagnetism</subfield>
    <subfield code="9">540</subfield>
  </datafield>
  <datafield tag="650" ind1=" " ind2=" ">
    <subfield code="a">Electromechanics</subfield>
    <subfield code="9">4401</subfield>
  </datafield>
  <datafield tag="650" ind1=" " ind2=" ">
    <subfield code="a">NASA Thesaurus</subfield>
  </datafield>
  <datafield tag="650" ind1=" " ind2=" ">
    <subfield code="a">Quantum electrodynamics</subfield>
    <subfield code="9">2630</subfield>
  </datafield>
  <datafield tag="700" ind1=" " ind2=" ">
    <subfield code="a">Bitter, Francis, ed.</subfield>
    <subfield code="9">4402</subfield>
  </datafield>
  <datafield tag="700" ind1=" " ind2=" ">
    <subfield code="a">Kolm, Henry, ed.</subfield>
    <subfield code="9">4403</subfield>
  </datafield>
  <datafield tag="700" ind1=" " ind2=" ">
    <subfield code="a">Lax, Benjamin, ed.</subfield>
    <subfield code="9">4404</subfield>
  </datafield>
  <datafield tag="700" ind1=" " ind2=" ">
    <subfield code="a">Mills, Robert., ed.</subfield>
    <subfield code="9">4405</subfield>
  </datafield>
  <datafield tag="942" ind1=" " ind2=" ">
    <subfield code="c">BK</subfield>
  </datafield>
  <datafield tag="999" ind1=" " ind2=" ">
    <subfield code="c">2462</subfield>
    <subfield code="d">2462</subfield>
  </datafield>
  <datafield tag="952" ind1=" " ind2=" ">
    <subfield code="0">0</subfield>
    <subfield code="1">0</subfield>
    <subfield code="4">0</subfield>
    <subfield code="7">0</subfield>
    <subfield code="a">BAN</subfield>
    <subfield code="b">BAN</subfield>
    <subfield code="c">GEN</subfield>
    <subfield code="d">1965-06-22</subfield>
    <subfield code="g">94.50</subfield>
    <subfield code="l">0</subfield>
    <subfield code="o">538.12(082.1)/ HIG</subfield>
    <subfield code="p">2749</subfield>
    <subfield code="r">2021-11-05</subfield>
    <subfield code="v">94.50</subfield>
    <subfield code="w">1965-06-22</subfield>
    <subfield code="y">BK</subfield>
    <subfield code="G">Rs. 94.50</subfield>
  </datafield>
</record>
